[Event "Serbia-ch"]
[Site "Kragujevac"]
[Date "2000.02.26"]
[Round "8"]
[White "Cajic, Mihajlo"]
[Black "Markovic, Marko"]
[Result "1-0"]
[WhiteElo "2160"]
[BlackElo "2206"]
[PlyCount "88"]
[EventDate "2000.02.19"]
[EventType "swiss"]
[EventRounds "9"]
[EventCountry "YUG"]
[SourceTitle "EXT 2001"]
[Source "ChessBase"]
[SourceDate "2000.11.22"]
[SourceVersion "1"]
[SourceVersionDate "2000.11.22"]
[SourceQuality "1"]

1. d4 Nf6 2. c4 g6 3. Nc3 Bg7 4. e4 d6 5. Be2 0-0 6. h4 c5 7. d5 h5 8. Nf3 b5 9. cxb5 a6 10. 0-0 axb5 11. Bxb5 Ba6 12. Bxa6 Nxa6 13. Bg5 Ng4 14. Qe2 Ra7 15. Nd2 Nb8 16. Nc4 f6 17. Bd2 Nd7 18. Nb5 Ra8 19. a4 f5 20. Bg5 Bf6 21. Bxf6 Rxf6 22. f3 Nge5 23. Nxe5 Nxe5 24. f4 Ng4 25. b3 Rf8 26. g3 Kg7 27. Rad1 fxe4 28. Qxe4 Qd7 29. Rfe1 Rae8 30. Qe6 Qxe6 31. Rxe6 Nh6 32. Nc7 Rb8 33. Rxe7+ Rf7 34. Rxf7+ Kxf7 35. Nb5 Nf5 36. Kf2 Rc8 37. Rc1 Re8 38. Re1 Rc8 39. Re4 Rd8 40. a5 Rb8 41. a6 Ra8 42. Ra4 Ke7 43. a7 Kd8 44. Ra6 Kc8 1-0

[Event "Serbia-ch"]
[Site "Kragujevac"]
[Date "2000.02.20"]
[Round "2"]
[White "Cajic, Mihajlo"]
[Black "Urosevic, Radojko"]
[Result "1-0"]
[WhiteElo "2160"]
[BlackElo "2291"]
[PlyCount "161"]
[EventDate "2000.02.19"]
[EventType "swiss"]
[EventRounds "9"]
[EventCountry "YUG"]
[SourceTitle "EXT 2001"]
[Source "ChessBase"]
[SourceDate "2000.11.22"]
[SourceVersion "1"]
[SourceVersionDate "2000.11.22"]
[SourceQuality "1"]

1. e4 c5 2. d4 cxd4 3. Nf3 e5 4. c3 dxc3 5. Nxc3 Nc6 6. Bc4 d6 7. 0-0 Be7 8. b4 Nf6 9. Qb3 0-0 10. h3 a6 11. a4 Bd7 12. Rd1 Qe8 13. Bg5 Rc8 14. Bxf6 Bxf6 15. Nd5 Bd8 16. Ra2 Ne7 17. Ne3 b5 18. axb5 axb5 19. Bd5 Nxd5 20. Nxd5 Rc4 21. Ra6 Be6 22. Rxd6 Rxe4 23. Qd3 Rc4 24. Nxe5 Rc8 25. Nb6 Bxb6 26. Rxb6 Bc4 27. Qd6 Kh8 28. Rb7 Be6 29. Re7 Qd8 30. Rxe6 Qh4 31. Re7 Kg8 32. Nc6 Rxc6 33. Qxc6 Qxe7 34. Qxb5 g6 35. Qc5 Qe2 36. Rc1 Rb8 37. Qc7 Rb5 38. Qc8+ Kg7 39. Qc3+ Kh6 40. Rb1 Re5 41. Qc1+ Kg7 42. Qb2 Qe4 43. b5 f6 44. b6 Rg5 45. f3 Qb7 46. Qc3 Kh6 47. Qxf6 Rf5 48. Qh4+ Kg7 49. Qd4+ Kh6 50. Rc1 Qe7 51. Qd2+ g5 52. Qd4 Rf6 53. Rb1 Rd6 54. Qe4 Qd8 55. f4 Rxb6 56. fxg5+ Kg7 57. Qe5+ Kg6 58. Rxb6+ Qxb6+ 59. Kh2 Qd8 60. Qf6+ Qxf6 61. gxf6 Kxf6 62. Kg3 Kg5 63. Kf3 Kf5 64. g3 Kg5 65. Ke4 Kf6 66. Kf4 Kg6 67. Kg4 Kf6 68. Kh5 Kg7 69. Kg5 Kf7 70. Kf5 Ke7 71. Ke5 Kf7 72. Kf5 Ke7 73. Kg5 Kf7 74. Kh5 Kg7 75. h4 Kf7 76. Kh6 Kg8 77. h5 Kh8 78. g4 Kg8 79. g5 Kh8 80. g6 hxg6 81. hxg6 1-0